O meu primeiro Fernando Pessoa (Registo nº 1070)
[ vista simples ]
| 000 -Etiqueta do registo | |
|---|---|
| Cabeçalho | 00929nam0a2200301 4500 |
| 005 - Identificador da versão | |
| Campo de controlo | 20240822164922.0 |
| 010 ## - Número internacional normalizado dos livros (ISBN) | |
| Número (ISBN) | 9789722031349 |
| 021 ## - Número do Depósito Legal | |
| Código do país | PT |
| Número | 288339/09 |
| 100 ## - Dados gerais de processamento | |
| Dados gerais de processamento | 20150608d2009 d y0pory5003 ba |
| 101 0# - Língua de publicação | |
| Língua do texto, banda sonora, etc. | Português |
| 102 ## - Pais de publicação ou produção | |
| País de publicação | Portugal |
| 200 1# - Titulo e menção de responsabilidade | |
| Título próprio | O meu primeiro Fernando Pessoa |
| Primeira menção de responsabilidade | Manuela Júdice texto |
| Outras menções de responsabilidade | Pedro Proença il. |
| 205 ## - Menção da edição | |
| Menção da edição | 5ª ed |
| 210 ## - Publicação, Distribuição, etc. | |
| Lugar da edição, distribuição, etc. | Alfragide |
| Nome do editor, distribuidor, etc. | Dom Quixote |
| Data da publicação, distribuição, etc. | 2009 |
| 215 ## - Descrição física | |
| Indicação específica da natureza do documento e extensão da espécie | [42] p. |
| Outras indicações físicas | il. color |
| 225 2# - Colecção | |
| Título próprio da colecção | O meu primeiro |
| 300 ## - Notas gerais | |
| Texto da nota | Plano Nacional de Leitura |
| 606 ## - Nome comum usado como assunto | |
| Número de registo de entrada de autoridade | 0002007 |
| Palavra de ordem | Literatura portuguesa |
| Subdivisão de assunto | Poesia |
| Código do sistema | CA |
| Número de registo de entrada de autoridade | 0002263 |
| Palavra de ordem | Pessoa, Fernando |
| Subdivisão de assunto | Biografias |
| Código do sistema | CA |
| 675 ## - Classificação Decimal Universal (CDU) | |
| Notação | 821.134.3-1 |
| Edição | 3ª ed. |
| Língua da edição | por |
| Notação | 929Pessoa, Fernando |
| Edição | 3ª ed. |
| Língua da edição | por |
| 700 #1 - Nome de autor-pessoa física (responsabilidade principal) | |
| Número de registo de entrada de autoridade | 0002265 |
| Palavra de ordem | Pessoa |
| Outra parte do nome não tomada para palavra de ordem | Fernando |
| Elementos de identificação ou distinção | e outro |
| Datas | 1888-1935 |
| 701 #1 - Nome de autor-pessoa física (co-responsabilidade principal) | |
| Palavra de ordem | Júdice |
| Outra parte do nome não tomada para palavra de ordem | Manuela |
| Elementos de identificação ou distinção | e outro |
| Código de função | Autor / Co-autor |
| 702 #1 - Nome de autor-pessoa física (responsabilidade secundária) | |
| Número de registo de entrada de autoridade | 0001187 |
| Palavra de ordem | Proença |
| Outra parte do nome não tomada para palavra de ordem | Pedro |
| Código de função | Ilustrador / Técnico de desenho computorizado |
| 942 ## - Elementos de entrada adicionados (Koha) | |
| Tipo de item no Koha | Livro |
| 966 ## - Identificação da Biblioteca | |
| Sigla | EB2,3ENM |
| Situação do levantamento | Origin of item (home branch) (coded) | Biblioteca de empréstimo | Código de barras | Cota | Circulation type (not for loan) | Tipo de documento | Nota do exemplar | Damaged status |
|---|---|---|---|---|---|---|---|---|
| Biblioteca Escolar Eng. Nuno Mergulhão | Biblioteca Escolar Eng. Nuno Mergulhão | BENM1941 | 92PES JÚD PNL | Livro | Sem mensagem | |||
| Biblioteca Escolar Eng. Nuno Mergulhão | Biblioteca Escolar Eng. Nuno Mergulhão | BENM1942 | 92PES JÚD PNL | Livro | Sem mensagem | |||
| Biblioteca Escolar Eng. Nuno Mergulhão | Biblioteca Escolar Eng. Nuno Mergulhão | BENM1944 | 92PES JÚD PNL | Livro | Sem mensagem |
